000 00527cam a22001337a 4500
008 180718b1957 xxu||||| |||| 00| 0 eng d
082 _aA6x561 G351
100 _aGibb, H.A.R.
245 _aIslamic society and the West: a study of the impact of Western civilization on Moslem culture in thr near East.
_cby H.A.R. Gibb and Harold Bowen
260 _aLondon
_bOxford University Press
_c1957
300 _av1. 285p
500 _av1: Islamic society in the eighteenth century.
650 _aCivilization, Islamic -Western influences
999 _c412784
_d412784